Can you name the Broadway Song 2? Quiz Stats

 Plays Quiz not verified by Sporcle

Score 0/151 Timer 11:00
0 Plays Today
% Correct
the
97.3%
a
97.3%
the
97.3%
and
97.3%
the
97.3%
the
97.3%
the
97.3%
the
97.3%
the
97.3%
a
97.3%
the
97.3%
you
86%
you
86%
me
70.9%
me
70.9%
to
70.2%
to
70.2%
to
70.2%
to
70.2%
to
70.2%
to
70.2%
to
70.2%
in
66.7%
in
66.7%
in
66.7%
in
66.7%
we
65%
we
65%
we
65%
we
65%
we
65%
we
65%
we
65%
we
65%
we
65%
we
65%
we
65%
on
60.1%
on
60.1%
If
57.1%
if
57.1%
where
55.7%
where
55.7%
go
53.2%
for
53.2%
go
53.2%
no
52.5%
are
49%
are
49%
will
47.8%
will
47.8%
% Correct
will
47.8%
will
47.8%
will
47.8%
will
47.8%
will
47.8%
there
46.1%
there
46.1%
there
46.1%
we're
34.5%
we're
34.5%
have
34%
with
33.3%
with
33.3%
then
29.8%
then
29.8%
then
29.8%
then
29.8%
by
24.9%
come
24.1%
come
24.1%
off
21.4%
off
21.4%
off
21.4%
off
21.4%
off
21.4%
off
21.4%
off
21.4%
off
21.4%
say
20.4%
say
20.4%
them
20.2%
we'll
17.5%
we'll
17.5%
we'll
17.5%
two
16.5%
yes
15.8%
yes
15.8%
together
12.1%
maybe
8.9%
even
8.9%
wait
7.9%
wait
7.9%
put
7.6%
while
7.1%
until
7.1%
while
7.1%
while
7.1%
play
6.4%
sweet
5.9%
sweet
5.9%
along
5.7%
% Correct
buy
4.4%
sets
4.4%
buy
4.4%
sets
4.4%
buy
4.4%
buy
4.4%
regrets
4.4%
dine
4.2%
dine
4.2%
Massachusetts
3.9%
Massachusetts
3.9%
dishes
3.9%
finest
3.9%
china
3.9%
model
3.9%
boats
3.9%
Massachusetts
3.9%
Massachusetts
3.9%
bay
3.9%
glue
3.9%
polka
3.9%
Massachusetts
3.9%
Massachusetts
3.9%
Massachusetts
3.9%
Massachusetts
3.9%
dishes
3.9%
finest
3.9%
china
3.9%
Massachusetts
3.9%
Massachusetts
3.9%
Massachusetts
3.9%
Massachusetts
3.9%
Massachusetts
3.9%
build
3.7%
shops
3.7%
Boston
3.7%
shops
3.7%
Boston
3.7%
Boston
3.7%
Boston
3.7%
crepe
3.4%
suzettes
3.4%
folks
3.4%
parapets
3.4%
crepe
3.4%
suzettes
3.4%
minuets
3.2%
Beacon
3%
repeat
3%

You're not logged in!

Compare scores with friends on all Sporcle quizzes.
OR
Log In

Show Comments

Extras

Top Quizzes Today


Score Distribution

Your Account Isn't Verified!

In order to create a playlist on Sporcle, you need to verify the email address you used during registration. Go to your Sporcle Settings to finish the process.

Report this User

Report this user for behavior that violates our Community Guidelines.

Details: